000 00572nam a2200229Ia 4500
003 OSt
005 20230401111340.0
008 210423s2007 xx 000 0 und d
020 _a9788174465696
040 _cAL
041 _aeng
082 _a332.1
_223
_bIYEG
100 _aIYENGAR (G Vijayaragavan)
_981590
245 _aIntroduction to banking
260 _aNew Delhi
_bExcel Books
_c2007
300 _axiii,642
_bPB
365 _b350
_cINR
650 _aBanking
_981591
650 _aEconomics
_981592
906 _abanking ; Introduction
942 _2ddc
_cBK
999 _c156764
_d156764